Property investment wave flows from pensions crisis (Record no. 75761)

MARC details
000 -LEADER
fixed length control field 00817cab a2200169 4500
001 - CONTROL NUMBER
control field L130658
008 - FIXED-LENGTH DATA ELEMENTS--GENERAL INFORMATION
fixed length control field 050823n2005 000 0 eng u
035 ## - SYSTEM CONTROL NUMBER
System control number (Sirsi) u130658
041 ## - LANGUAGE CODE
Language code of text/sound track or separate title eng
245 ## - TITLE STATEMENT
Title Property investment wave flows from pensions crisis
260 ## - PUBLICATION, DISTRIBUTION, ETC.
Date of publication, distribution, etc. 2005
490 ## - SERIES STATEMENT
Series statement EuroProperty
Volume/sequential designation August 2005, 12-13(2)
520 ## - SUMMARY, ETC.
Summary, etc. Discusses CBRE's report "The pensions crisis and the European property market which states that 24b Euros could flow into the property sector each year due to the crisis in European pensions. Examines existing pension fund allocations to property by country, the EU-15 old age dependency ratio and the change in contribution rate required to maintain levels of pension commitments. Tables.
590 ## - LOCAL NOTE (RLIN)
Local note IKA300805
690 ## - LOCAL SUBJECT ADDED ENTRY--TOPICAL TERM (OCLC, RLIN)
Topical term or geographic name as entry element PROPERTY-INVESTMENT PROPERTY
942 ## - ADDED ENTRY ELEMENTS (KOHA)
Suppress in OPAC 0
Holdings
Withdrawn status Lost status Source of classification or shelving scheme Damaged status Not for loan Home library Current library Shelving location Date acquired Total Checkouts Full call number Barcode Date last seen Copy number Price effective from Koha item type
    Dewey Decimal Classification     London London Journal article 23/08/2005   L130658 130658-1001 06/08/2019 1 06/08/2019 Journal article